000
00200 a2200097 4500
020
_a
9781400059393
041
_a
spa
100
_a
Blancarte,Roberto
245
_a
El sucesor de juan pablo ll
942
_c
BK
999
_c
9395
_d
9395